| 000 | 01034nam a2200229Ia 4500 | ||
|---|---|---|---|
| 999 |
_c39805 _d39805 |
||
| 001 | 6410 | ||
| 003 | GE_BSU | ||
| 005 | 20190504125639.0 | ||
| 008 | 181216s1970||||ge |||||||||||||| ||geo|| | ||
| 040 | _cGE_BSU | ||
| 041 | _ageo | ||
| 080 | _a625:658(075.8) კ-73 | ||
| 100 |
_aკონიაშვილი, ა. _9684 |
||
| 245 |
_aრკინიგზის მშენებლობის ორგანიზცია და დაგეგმვა : _bსახელმძღვ. / _c ა. კონიაშვილი, ა. შალამბერიძე. |
||
| 264 |
_aთბილისი : _bგანათლება, _c1970. |
||
| 300 |
_a271 გვ. : _bილ. ; _c20 სმ. |
||
| 653 | _aრკინიგზის მშენებლობის ორგანიზცია და დაგეგმვა | ||
| 653 | _aრკინიგზა | ||
| 653 | _aმშენებლობა | ||
| 700 |
_aშალამბერიძე, ა. _eავტორი _9705 |
||
| 942 |
_cBK _2udc |
||